000
00310nam a22001337a 4500
008
170714b xxu||||| |||| 00| 0 eng d
020
_a
0582550491
041
_a
eng
080
_a
82
100
_a
23
101
_a
GJL
245
_a
GENERAL LINGUISTICS. AN INTRODUCTORY SURVEY
_c
ROBINS, R.H
942
_2
udc
_c
BK
999
_c
20953
_d
20953